Commedie del Cinquecento. (Record no. 183397)

MARC details
000 -LEADER
campo de control de longitud fija 00947nam a2200241 i 4500
001 - NÚMERO DE CONTROL
campo de control 183397
003 - IDENTIFICADOR DE NÚMERO DE CONTROL
campo de control ES-MaACL
005 - FECHA Y HORA DE LA ÚLTIMA TRANSACCIÓN
campo de control 20251210143311.0
008 - DATOS DE LONGITUD FIJA--INFORMACIÓN GENERAL
campo de control de longitud fija 140414s1912 it |||| | ita d
245 00 - MENCIÓN DEL TÍTULO
Título Commedie del Cinquecento.
Número de parte o sección de la obra II /
Mención de responsabilidad, etc. a cura di Ireneo Sanesi.
260 ## - PUBLICACIÓN, DISTRIBUCIÓN, ETC.
Lugar de publicación, distribución, etc. Bari :
Nombre del editor, distribuidor, etc. Gius. Laterza & Figli,
Fecha de publicación, distribución, etc. 1912.
300 ## - DESCRIPCIÓN FÍSICA
Extensión 466 p. ;
Dimensiones 21 cm.
490 1# - MENCIÓN DE SERIE
Mención de serie Scrittori d'Italia ;
Designación de volumen o secuencia 38
505 8# - NOTA DE CONTENIDO CON FORMATO
Nota de contenido con formato Contiene: L'amor costante / di Alessandro Piccolomini -- L'Aridosia / di Lorenzino de' Medici -- Il ragazzo / di Lodovico Dolce -- I Bernardi / di Francesco D'Ambra
700 1# - ENTRADA AGREGADA--NOMBRE PERSONAL
Nombre de persona Sanesi, Ireneo.
9 (RLIN) 154692
700 1# - ENTRADA AGREGADA--NOMBRE PERSONAL
Nombre de persona Piccolomini, Alessandro.
9 (RLIN) 154708
700 1# - ENTRADA AGREGADA--NOMBRE PERSONAL
Nombre de persona Medici, Lorenzino de,
Fechas asociadas al nombre 1514-1548
9 (RLIN) 154709
700 1# - ENTRADA AGREGADA--NOMBRE PERSONAL
Nombre de persona Dolce, Lodovico (
Fechas asociadas al nombre 1508-1568)
9 (RLIN) 154710
700 1# - ENTRADA AGREGADA--NOMBRE PERSONAL
Nombre de persona D'Ambra, Francesco (
Fechas asociadas al nombre 1499-1558)
9 (RLIN) 154711
830 00 - PUNTO DE ACCESO ADICIONAL DE SERIE-TÍTULO UNIFORME
Título uniforme Scrittori d'Italia
Designación de volumen o secuencia 38
9 (RLIN) 191925
852 ## - LOCALIZACIÓN
Ubicación ES-MaACL
Número de control de estantería G-3739
Holdings
Estatus retirado Estado de pérdida Estado de daño No para préstamo Biblioteca de origen Biblioteca actual Ubicación en estantería Fecha de adquisición Fuente de adquisición Total de préstamos Signatura topográfica completa Código de barras Visto por última vez Precio de reemplazo Tipo de ítem Koha
        Biblioteca del Ateneo de Madrid Biblioteca del Ateneo de Madrid Depósito 2 14/04/2014     G-3739 1192766 23/02/2023 23/02/2023 Libro impreso